| LEADER | 01111nam a2200205 4500 | ||
|---|---|---|---|
| 999 | |c 5702 |d 5702 | ||
| 082 | |a 423.13 |b S200I | ||
| 100 | |a Seidl, Jennifer | ||
| 245 | |a Pocket English idioms = Thành ngữ Anh-Việt |c Jennifer Seidl, W. Mc Mordie; Trần Văn Thành dịch và chú giải | ||
| 260 | |a Tp HCM: |b Nxb Trẻ |c 1996 | ||
| 300 | |a 457 tr. |c 19 cm | ||
| 520 | |a v...v | ||
| 653 | |a Ngôn ngữ | ||
| 653 | |a Tiếng Anh | ||
| 653 | |a Thành ngữ | ||
| 942 | |2 ddc |c STK0 | ||
| 952 | |0 0 |1 0 |2 ddc |4 0 |6 428_100000000000000_S200I |7 0 |8 400 |9 52370 |a qbu |b qbu |c D4 |d 2014-12-27 |g 27000 |o 428.1 S200I |p 2501.c1 |r 0000-00-00 |w 2014-12-27 |y STK0 | ||
| 952 | |0 0 |1 0 |2 ddc |4 0 |6 428_100000000000000_S200I |7 0 |8 400 |9 52371 |a qbu |b qbu |c D4 |d 2014-12-27 |g 27000 |o 428.1 S200I |p 2501.c2 |r 0000-00-00 |w 2014-12-27 |y STK0 | ||
| 952 | |0 0 |1 0 |2 ddc |4 0 |6 428_100000000000000_S200I |7 0 |8 400 |9 52372 |a qbu |b qbu |c D4 |d 2014-12-27 |g 27000 |l 1 |o 428.1 S200I |p 2501.c3 |r 2015-09-24 |s 2015-09-17 |w 2014-12-27 |y STK0 | ||
| 952 | |0 0 |1 0 |2 ddc |4 0 |6 428_100000000000000_S200I |7 0 |8 400 |9 52373 |a qbu |b qbu |c D4 |d 2014-12-27 |g 27000 |l 1 |o 428.1 S200I |p 2501.c4 |r 2018-10-05 |s 2018-10-01 |w 2014-12-27 |y STK0 | ||